000 01796nam a22002657a 4500
005 20180118124438.0
010 _aB-685425 B-664491
020 _c100.00
_a8126001089
035 _aB-685425
035 _aB-664491
037 _bनॉर्थ इंडिया पब्लिशर्स
082 _a
100 _aबोरा, लक्ष्मीनन्दन
245 _aपाताल भैरवी /
_cलक्ष्मीनन्दन बोरा; नीता बैनर्जी द्वारा हिन्दी में अनुदित
246 _aPaataal Bhairavi
_bby Lakshminandan Bora
260 _aनई दिल्ली
_bसाहित्य अकादेमी
_c2004(पु. मु.)
270 _aरवीन्द्र भवन, 35, फीरोजशाह मार्ग,
_bनई दिल्ली
_e110001
300 _a266पृ.
_c22सेमी (सजिल्द)
500 _aसाहित्य अकादेमी द्वारा पुरस्कृत असमिया उपन्यास
520 _aAW
700 _924028
_aबैनर्जी, नीता
942 _cHN
_2ddc
_h
_mबोराल
999 _c148513
_d148513